| 000 | 00815nam a2200181Ia 4500 | ||
|---|---|---|---|
| 008 | 100917s9999 xx 000 0 und d | ||
| 082 | _b21053 | ||
| 100 | _aवैद्य व्दारकानाथ गोविंद | ||
| 245 | _aमहादेव गोविंद रानडे यांच्या चरित्राचे खरे स्वरूप | ||
| 260 |
_b--- _c1915 |
||
| 300 | _a67 | ||
| 365 | _b0 | ||
| 520 | _aचरित्र | ||
| 630 | _aमहादेव गोविंद रानडे यांच्या चरित्राचे खरे स्वरूप | ||
| 650 | _aचरित्र | ||
| 730 | _aमहादेव गोविंद रानडे यांच्या चरित्राचे खरे स्वरूप | ||
| 942 | _cBOOK | ||
| 999 |
_c626447 _d626444 |
||